<?xml version="1.0" encoding="UTF-8"?>
<record
    xmlns:xsi="http://www.w3.org/2001/XMLSchema-instance"
    xsi:schemaLocation="http://www.loc.gov/MARC21/slim http://www.loc.gov/standards/marcxml/schema/MARC21slim.xsd"
    xmlns="http://www.loc.gov/MARC21/slim">

  <leader>01688nam a22003017a 4500</leader>
  <controlfield tag="003">DO-SdBNP</controlfield>
  <controlfield tag="005">20240528134336.0</controlfield>
  <controlfield tag="007">ta</controlfield>
  <controlfield tag="008">081112s1990    dr      r     001 0 spa d</controlfield>
  <datafield tag="040" ind1=" " ind2=" ">
    <subfield code="a">DO-SdBNP</subfield>
    <subfield code="b">spa</subfield>
    <subfield code="c">BNPHU</subfield>
  </datafield>
  <datafield tag="082" ind1=" " ind2="4">
    <subfield code="a">340.54</subfield>
    <subfield code="b">P489t, 1990</subfield>
    <subfield code="2">22</subfield>
  </datafield>
  <datafield tag="100" ind1="1" ind2=" ">
    <subfield code="a">Petit, Eug&#xE9;ne,</subfield>
    <subfield code="d">1850-1931</subfield>
    <subfield code="9">1817</subfield>
  </datafield>
  <datafield tag="240" ind1=" " ind2=" ">
    <subfield code="a">Traite &#xE9;l&#xE9;mentaire de droit romain</subfield>
    <subfield code="l">Espa&#xF1;ol</subfield>
  </datafield>
  <datafield tag="245" ind1="1" ind2="0">
    <subfield code="a">Tratado elemental de derecho romano :</subfield>
    <subfield code="b">contiene el desarrollo    hist&#xF3;rico y la exposici&#xF3;n general de los principios de la legislaci&#xF3;n    romana desde el origen de Roma hasta el emperador Justiniano /</subfield>
    <subfield code="c">Jos&#xE9; Fern&#xE1;ndez Gonz&#xE1;lez; traduci&#xF3;n Jos&#xE9; Ferrandez Gonz&#xE1;lez ; pr&#xF3;logo Jos&#xE9; Ma. Rizzi</subfield>
  </datafield>
  <datafield tag="250" ind1=" " ind2=" ">
    <subfield code="a">.</subfield>
  </datafield>
  <datafield tag="260" ind1=" " ind2=" ">
    <subfield code="a">Santo Domingo :</subfield>
    <subfield code="b">Tiempo,</subfield>
    <subfield code="c">1990.</subfield>
  </datafield>
  <datafield tag="300" ind1=" " ind2=" ">
    <subfield code="a">532 p. ;</subfield>
    <subfield code="c">20 cm.</subfield>
  </datafield>
  <datafield tag="500" ind1=" " ind2=" ">
    <subfield code="a">Incluye referencias bibliogr&#xE1;ficas y notas al pie de las p&#xE1;ginas</subfield>
  </datafield>
  <datafield tag="500" ind1=" " ind2=" ">
    <subfield code="a">Incluye &#xED;ndice</subfield>
  </datafield>
  <datafield tag="505" ind1="2" ind2=" ">
    <subfield code="a">Introducci&#xF3;n --</subfield>
    <subfield code="t">De la fundaci&#xF3;n de Roma hasta la ley de las XII tablas --</subfield>
    <subfield code="t">De la ley de las XII tablas al fin de la Rep&#xFA;blica --</subfield>
    <subfield code="t">Del advenimiento del imperio a la muerte de Alejandro Severo --</subfield>
    <subfield code="t">De la muerte de Alejandro Severo a la muerte de Justiniano --</subfield>
    <subfield code="t">De las personas --</subfield>
    <subfield code="t">De las personas alieni juris --</subfield>
    <subfield code="t">De las personas sui juris --</subfield>
    <subfield code="t">De las cosas --</subfield>
    <subfield code="t">De los derechos reales --</subfield>
    <subfield code="t">De los derechos de cr&#xE9;dito u obligaciones --</subfield>
    <subfield code="t">De los modos de adquirir &lt;per univarsitatem&gt; --</subfield>
    <subfield code="t">De las acciones..</subfield>
  </datafield>
  <datafield tag="590" ind1=" " ind2=" ">
    <subfield code="a">Inventariado, 2018/BT</subfield>
  </datafield>
  <datafield tag="650" ind1=" " ind2="0">
    <subfield code="a">Derecho romano</subfield>
    <subfield code="9">1818</subfield>
  </datafield>
  <datafield tag="650" ind1=" " ind2="4">
    <subfield code="a">Derecho romano</subfield>
    <subfield code="x">Legislaci&#xF3;n</subfield>
    <subfield code="9">1819</subfield>
  </datafield>
  <datafield tag="700" ind1="1" ind2=" ">
    <subfield code="a">Ferrandez Gonz&#xE1;lez, Jos&#xE9;,</subfield>
    <subfield code="e">tr.</subfield>
    <subfield code="9">1820</subfield>
  </datafield>
  <datafield tag="700" ind1="1" ind2=" ">
    <subfield code="a">Rizzi, Jos&#xE9; Ma.</subfield>
    <subfield code="9">1821</subfield>
    <subfield code="e">pr&#xF3;l.</subfield>
  </datafield>
  <datafield tag="910" ind1=" " ind2=" ">
    <subfield code="a">Btav&#xE1;rez</subfield>
  </datafield>
  <datafield tag="942" ind1=" " ind2=" ">
    <subfield code="2">ddc</subfield>
    <subfield code="c">LBS1</subfield>
  </datafield>
  <datafield tag="952" ind1=" " ind2=" ">
    <subfield code="0">0</subfield>
    <subfield code="1">0</subfield>
    <subfield code="2">ddc</subfield>
    <subfield code="5">3</subfield>
    <subfield code="7">0</subfield>
    <subfield code="8">PD</subfield>
    <subfield code="a">BNPHU</subfield>
    <subfield code="b">BNPHU</subfield>
    <subfield code="c">HD</subfield>
    <subfield code="d">2022-04-01</subfield>
    <subfield code="e">Donaci&#xF3;n</subfield>
    <subfield code="l">0</subfield>
    <subfield code="o">BNPHU PD 340.54 P489t 1990</subfield>
    <subfield code="p">2022-1072</subfield>
    <subfield code="r">2022-04-01</subfield>
    <subfield code="w">2022-04-01</subfield>
    <subfield code="y">LBS1</subfield>
  </datafield>
  <datafield tag="999" ind1=" " ind2=" ">
    <subfield code="c">51446</subfield>
    <subfield code="d">51446</subfield>
  </datafield>
</record>
